| 000 | 003440000a22001570004500 | ||
|---|---|---|---|
| 001 | 000236 | ||
| 003 | MACL | ||
| 040 | _aMACL | ||
| 090 |
_c236 _d236 |
||
| 100 | _aGuha, Amalendu | ||
| 245 |
_aNetaji Subhash _bIdeology And Doctrine _cAmalendu Guha |
||
| 260 |
_aGanesh Guha, _c1998 |
||
| 350 | _a150 | ||
| 650 | _aBiography | ||
| 942 |
_k323 _cBook |
||
| 999 |
_c49543 _d49543 |
||